Accelerated cosmic expansion (Record no. 19038)

MARC details
000 -LEADER
fixed length control field 01034nam a2200241Ia 4500
003 - CONTROL NUMBER IDENTIFIER
control field IN-BaIIA
008 - FIXED-LENGTH DATA ELEMENTS--GENERAL INFORMATION
fixed length control field 211028s9999 xx 000 0 eng d
020 ## - INTERNATIONAL STANDARD BOOK NUMBER
International Standard Book Number 978-3-319-02062-4
040 ## - CATALOGING SOURCE
Transcribing agency IIA Library
080 ## - UNIVERSAL DECIMAL CLASSIFICATION NUMBER
Universal Decimal Classification number 524.8(082.1)
Item number ACC
111 ## - MAIN ENTRY--MEETING NAME
Meeting name or jurisdiction name as entry element International Meeting on Gravitation and Cosmology
Number of part/section/meeting 4th
Location of meeting Santa Clara, Cuba
Date of meeting or treaty signing 2009
9 (RLIN) 36350
245 #0 - TITLE STATEMENT
Title Accelerated cosmic expansion
Remainder of title proceedings of the fourth international meeting on gravitation and cosmology held in Santa Clara, Cuba, June 1-4, 2009
Statement of responsibility, etc. edited by Claudia Moreno Gonzalez, Jose Edgar Madriz Aguilar and Luz Marina Reyes Barrera.
260 ## - PUBLICATION, DISTRIBUTION, ETC.
Place of publication, distribution, etc. Cham
Name of publisher, distributor, etc. Springer
Date of publication, distribution, etc. 2014
300 ## - PHYSICAL DESCRIPTION
Extent xiv, 222p.
490 ## - SERIES STATEMENT
Series statement Astrophysics and space science proceedings; v. 38
650 ## - SUBJECT ADDED ENTRY--TOPICAL TERM
Topical term or geographic name entry element Cosmology - congresses
9 (RLIN) 30162
650 ## - SUBJECT ADDED ENTRY--TOPICAL TERM
Topical term or geographic name entry element Gravitation - congresses
9 (RLIN) 30163
650 ## - SUBJECT ADDED ENTRY--TOPICAL TERM
Topical term or geographic name entry element Physics - congresse
9 (RLIN) 36351
700 ## - ADDED ENTRY--PERSONAL NAME
Personal name Aguilar, Jose Edgar Madriz.,ed.
9 (RLIN) 36352
700 ## - ADDED ENTRY--PERSONAL NAME
Personal name Barrera, Luz Marina Reyes eds.
9 (RLIN) 36353
700 ## - ADDED ENTRY--PERSONAL NAME
Personal name Gonzalez, Claudia Moreno.,ed.
9 (RLIN) 36354
942 ## - ADDED ENTRY ELEMENTS (KOHA)
Koha item type Books
Holdings
Withdrawn status Lost status Damaged status Not for loan Home library Current library Shelving location Date acquired Source of acquisition Cost, normal purchase price Total Checkouts Full call number Barcode Date last seen Cost, replacement price Price effective from Koha item type Purchase Price
        IIA Library-Bangalore IIA Library-Bangalore General Stacks 30/04/2015 EDS 3132.00   524.8(082.1)/ ACC 19960 05/11/2021 3132.00 30/04/2015 Books Rs. 3132.00

Powered by Koha